|
|
|
|
| LEADER |
00000nam2a2200000 4500 |
| 001 |
68770 |
| 005 |
20231031075121.0 |
| 035 |
|
|
|a (RuTPU)RU\TPU\book\73233
|
| 090 |
|
|
|a 68770
|
| 100 |
|
|
|a 20041011d1998 m y0rusy50 ca
|
| 101 |
0 |
|
|a rus
|
| 102 |
|
|
|a RU
|
| 105 |
|
|
|a a j 001zy
|
| 200 |
0 |
|
|a Т. 2
|
| 210 |
|
|
|d 1998
|
| 215 |
|
|
|a 377 с.
|c ил.
|
| 320 |
|
|
|a Библиогр.: с. 376-377
|
| 461 |
|
1 |
|0 (RuTPU)RU\TPU\book\73555
|y 5-88276-052-6
|t Механические системы вакуумно-космических роботов и манипуляторов: теория, расчет, проектирование, применение
|o Учебное пособие для вузов
|o В 2 т.
|f И. П. Бернацкий, Н. В. Василенко, К. Н. Явленский и др.
|g Под ред. Н. В. Василенко, К. Н. Явленского
|v Т. 2
|d 1998-
|
| 610 |
1 |
|
|a робототехника
|
| 610 |
1 |
|
|a механические модули
|
| 610 |
1 |
|
|a элементы
|
| 610 |
1 |
|
|a расчет
|
| 610 |
1 |
|
|a устойчивость
|
| 610 |
1 |
|
|a валы
|
| 610 |
1 |
|
|a оси
|
| 610 |
1 |
|
|a движение
|
| 610 |
1 |
|
|a направляющие механизмы
|
| 610 |
1 |
|
|a соединения
|
| 610 |
1 |
|
|a муфты
|
| 610 |
1 |
|
|a демпферы
|
| 610 |
1 |
|
|a ограничители
|
| 610 |
1 |
|
|a упругие элементы
|
| 610 |
1 |
|
|a качество
|
| 610 |
1 |
|
|a вибродиагностика
|
| 610 |
1 |
|
|a прогнозирование
|
| 610 |
1 |
|
|a учебные пособия
|
| 675 |
|
|
|a 621.865.8(075.8)
|v 3
|
| 801 |
|
1 |
|a RU
|b 63413507
|c 20041011
|g PSBO
|
| 801 |
|
2 |
|a RU
|b 63413507
|c 20100512
|g PSBO
|
| 900 |
|
|
|a Проектирование мехатронных систем
|
| 942 |
|
|
|c BK
|